Stati per minore popolazione - America Latina - Statistics

Statistiche generali
  • Questo quiz è stato fatto 4 volte
  • Il punteggio medio è 8 su 10
Statistiche sulle risposte
Popolazione (ab.) Nazione % Corretto
10 994 000 Haiti
100%
3 764 000 Panama
100%
10 520 000 Bolivia
75%
4 851 000 Costa Rica
75%
6 460 000 El Salvador
75%
8 950 000 Honduras
75%
6 514 000 Nicaragua
75%
7 003 000 Paraguay
75%
3 310 000 Uruguay
75%
9 980 000 Repubblica Dominicana
50%
Nessun quiz corrispondente trovato
Distribuzione punteggi
Percentuale di utenti per punteggio
Percentile per numero di risposta
I tuoi punteggi nel tempo
Non hai fatto questo quiz